000
00294nam a22001217a 4500
008
171227b xxu||||| |||| 00| 0 eng d
041
_a
eng
080
_a
159.9
100
_a
45
101
_a
PSI
245
_a
NEUROPHYSIOLOGICAL CONCEPTS IN HUMAN BEHAVIOR
_c
MARGOT.C.H
942
_2
udc
_c
BK
999
_c
39455
_d
39455